Characters Reading in Movies Quiz Stats

 Plays Quiz Updated Dec 2, 2015

Also try: Fictional Logos
Challenge
Share
Tweet
Score 0/25 Timer 07:00
2 Plays Today
% Correct
Harry Potter and the Goblet of Fire
97.2%
Beauty and the Beast
92%
Bad Teacher
89.6%
Tarzan
89.2%
Pulp Fiction
88.8%
The 40 Year Old Virgin
84.1%
Dead Poets Society
79.8%
Indiana Jones and the Last Crusade
77%
Matilda
76.6%
The Nightmare Before Christmas
76.5%
Thor: The Dark World
70.1%
Silver Linings Playbook
66.8%
When Harry Met Sally
66.8%
% Correct
To Kill a Mockingbird
60.7%
The Princess Bride
58.5%
10 Things I Hate About You
57.2%
Pride and Prejudice
55.1%
Roadhouse
42.7%
The Book Thief
35.1%
Inglourious Basterds
34%
Rear Window
33.1%
Hot Fuzz
32.4%
The Neverending Story
31.9%
Moonrise Kingdom
19.3%
King Kong
13.1%

You're not logged in!

Compare scores with friends on all Sporcle quizzes.
Join for Free
OR
Log In

You Might Also Like...

Show Comments

Extras

Top Quizzes Today


Score Distribution

Your Account Isn't Verified!

In order to create a playlist on Sporcle, you need to verify the email address you used during registration. Go to your Sporcle Settings to finish the process.

Report this User

Report this user for behavior that violates our Community Guidelines.

Details: